[Event "Schleinich mem"]
[Site "Edmonton CAN"]
[Date "2010.01.09"]
[Round "3"]
[White "Holmstrom, Phil"]
[Black "Kuczaj, Chris"]
[Result "0-1"]
[WhiteElo "1664"]
[BlackElo "1785"]
[PlyCount "172"]
[EventDate "2010.01.08"]
[EventType "swiss"]
[EventRounds "4"]
[EventCountry "CAN"]

1. e4 c5 2. Nc3 Nc6 3. Nge2 d6 4. g3 g6 5. d3 Bg7 6. Bg5 Rb8 7. Qd2 h6 8. Be3
Nd4 9. Bg2 Bg4 10. O-O Nf3+ 11. Bxf3 Bxf3 12. d4 Qd7 13. dxc5 e5 14. Nd5 Nf6
15. Nxf6+ Bxf6 16. Qxd6 Qxd6 17. cxd6 Bxe2 18. Rfe1 Bb5 19. f4 b6 20. c3 Kd7
21. Rad1 Bc6 22. fxe5 Bxe5 23. Rf1 f6 24. Bd4 Rhf8 25. Be3 g5 26. Bd4 Rbe8 27.
Rfe1 Re6 28. c4 Rxd6 29. Bxe5 fxe5 30. b4 Kc7 31. Rc1 Rd4 32. b5 Bb7 33. c5 Rd2
34. c6 Bc8 35. Rf1 Rxf1+ 36. Rxf1 Rxa2 37. h4 gxh4 38. gxh4 Re2 39. Rf6 h5 40.
Rh6 Bg4 41. Rh7+ Kd6 42. Rxa7 Rxe4 43. Rh7 Rc4 44. Rh6+ Kc5 45. Rh7 Kxb5 46. c7
Ka6 47. Re7 Kb7 48. Rxe5 Rxc7 49. Kf2 Rc3 50. Ke1 Rh3 51. Kd2 Rxh4 52. Kc3 Bd7
53. Re7 Kc6 54. Rh7 b5 55. Rh6+ Kc5 56. Rh7 Be6 57. Rc7+ Kb6 58. Rh7 b4+ 59.
Kb2 Kc5 60. Rc7+ Kd4 61. Re7 Rh2+ 62. Ka1 b3 63. Rxe6 h4 64. Rd6+ Kc5 65. Rd8
h3 66. Rc8+ Kd5 67. Rb8 b2+ 68. Kb1 Ke4 69. Rb3 Kf4 70. Rb4+ Kg3 71. Rb3+ Kf2
72. Rxb2+ Kg1 73. Rb3 Rh1 74. Rb2 Rh2 75. Rb3 Kf2 76. Rb2+ Kg3 77. Rb3+ Kf4 78.
Rb4+ Ke3 79. Rb3+ Kd4 80. Rb4+ Kc3 81. Rg4 Rd2 82. Rh4 h2 83. Kc1 Rg2 84. Rh3+
Kd4 85. Rh4+ Ke3 86. Rh3+ Kf4 0-1

[Event "Schleinich mem"]
[Site "Edmonton CAN"]
[Date "2010.01.09"]
[Round "3"]
[White "Karmali, Hafiz"]
[Black "Wojtas, Artur"]
[Result "0-1"]
[WhiteElo "2086"]
[BlackElo "1888"]
[PlyCount "58"]
[EventDate "2010.01.08"]
[EventType "swiss"]
[EventRounds "4"]
[EventCountry "CAN"]

1. e4 c5 2. Nc3 d6 3. g3 g6 4. Bg2 Bg7 5. Nge2 Nc6 6. O-O Nf6 7. d3 O-O 8. f4
Bg4 9. h3 Bxe2 10. Nxe2 Nd7 11. c3 Rb8 12. Be3 e6 13. Qd2 Ne7 14. g4 f5 15. Ng3
b5 16. d4 Nb6 17. dxc5 Nc4 18. Qe2 Nxe3 19. Qxe3 d5 20. Rad1 b4 21. exf5 exf5
22. Bxd5+ Nxd5 23. Qe6+ Kh8 24. Rxd5 Qh4 25. Kg2 bxc3 26. b3 Rfe8 27. Qa6 fxg4
28. hxg4 Qxg4 29. Qc4 Re3 0-1

[Event "Schleinich mem"]
[Site "Edmonton CAN"]
[Date "2010.01.09"]
[Round "3"]
[White "Sequillion, Aaron"]
[Black "Kaminski, Thomas"]
[Result "0-1"]
[WhiteElo "2050"]
[BlackElo "2243"]
[PlyCount "76"]
[EventDate "2010.01.08"]
[EventType "swiss"]
[EventRounds "4"]
[EventCountry "CAN"]

1. Nf3 Nf6 2. g3 g6 3. Bg2 Bg7 4. O-O O-O 5. c4 d6 6. d4 Nbd7 7. Nc3 e5 8. e4
exd4 9. Nxd4 Re8 10. Re1 a6 11. Qc2 Rb8 12. a4 a5 13. h3 Nc5 14. Be3 c6 15.
Rad1 Nfd7 16. f4 Qe7 17. Bf2 Na6 18. g4 Nb4 19. Qe2 Nc5 20. Rd2 Qf8 21. Qf3
Bxd4 22. Bxd4 Nb3 23. Red1 Nxd2 24. Rxd2 Na6 25. h4 Nc5 26. Bxc5 dxc5 27. e5 f6
28. exf6 Qxf6 29. g5 Qe7 30. Ne4 Bf5 31. Nf6+ Kf7 32. Nxe8 Qe1+ 33. Kh2 Qxd2
34. Nf6 Rd8 35. Ng4 Bxg4 36. Qxg4 Rd4 37. Kg3 Qe1+ 38. Kh2 Qf2 0-1

[Event "Schleinich mem"]
[Site "Edmonton CAN"]
[Date "2010.01.09"]
[Round "3"]
[White "Todd, Adie"]
[Black "Miller, David"]
[Result "1-0"]
[WhiteElo "1596"]
[BlackElo "1702"]
[PlyCount "63"]
[EventDate "2010.01.08"]
[EventType "swiss"]
[EventRounds "4"]
[EventCountry "CAN"]

1. d4 e6 2. c4 Nf6 3. Nc3 Bb4 4. Nf3 c5 5. e3 cxd4 6. exd4 d5 7. Qa4+ Nc6 8.
Ne5 Bd7 9. Nxd7 Qxd7 10. a3 Nxd4 11. axb4 Nc6 12. cxd5 Nxd5 13. Nxd5 Qxd5 14.
Be3 O-O 15. b5 Ne7 16. Qd4 Qxd4 17. Bxd4 Rfd8 18. Rd1 Nf5 19. Bc3 Nd6 20. Bb4
Ne4 21. Rxd8+ Rxd8 22. f3 Nd6 23. Bxd6 Rxd6 24. Be2 Kf8 25. Kf2 Rd7 26. Ra1 b6
27. Rc1 Ke7 28. Ke3 Kf6 29. Bd3 h6 30. Be4 Ke7 31. Bc6 Rd6 32. Ra1 1-0

[Event "Schleinich mem"]
[Site "Edmonton CAN"]
[Date "2010.01.09"]
[Round "3"]
[White "Wanless, Michael"]
[Black "Ficzere, Tony"]
[Result "0-1"]
[WhiteElo "1504"]
[BlackElo "1802"]
[PlyCount "48"]
[EventDate "2010.01.08"]
[EventType "swiss"]
[EventRounds "4"]
[EventCountry "CAN"]

1. e4 c5 2. Nf3 Nc6 3. d4 cxd4 4. Nxd4 Nf6 5. Nc3 e5 6. Nf3 Bb4 7. Bc4 O-O 8.
O-O d6 9. Bg5 Bxc3 10. bxc3 h6 11. Bxf6 Qxf6 12. Rb1 b6 13. Bd5 Bb7 14. a4 Rac8
15. c4 Na5 16. Rb4 Rc5 17. Bxb7 Nxb7 18. Nd2 Rfc8 19. Nb3 Rxc4 20. Rxc4 Rxc4
21. Qd5 Rc7 22. Ra1 Rxc2 23. f3 Qg5 24. Nd2 Rxd2 0-1

[Event "Schleinich mem"]
[Site "Edmonton CAN"]
[Date "2010.01.09"]
[Round "3"]
[White "Willis, Bradley"]
[Black "Bentley, Bill"]
[Result "1-0"]
[WhiteElo "2053"]
[BlackElo "1806"]
[PlyCount "37"]
[EventDate "2010.01.08"]
[EventType "swiss"]
[EventRounds "4"]
[EventCountry "CAN"]

1. e4 e6 2. d3 d5 3. Nd2 Nf6 4. g3 b6 5. Bg2 Bb7 6. e5 Nfd7 7. Ngf3 c5 8. O-O
Nc6 9. Re1 Qc7 10. Qe2 Be7 11. c3 g5 12. Nf1 g4 13. Ng5 Ndxe5 14. Bf4 Bd6 15.
Bxe5 Bxe5 16. Qxg4 O-O-O 17. f4 h5 18. Qh3 Bf6 19. Nxe6 1-0

[Event "Schleinich mem"]
[Site "Edmonton CAN"]
[Date "2010.01.10"]
[Round "4"]
[White "Bentley, Bill"]
[Black "Wojtas, Artur"]
[Result "1/2-1/2"]
[WhiteElo "1806"]
[BlackElo "1888"]
[PlyCount "137"]
[EventDate "2010.01.08"]
[EventType "swiss"]
[EventRounds "4"]
[EventCountry "CAN"]

1. d4 Nf6 2. c4 g6 3. Nc3 Bg7 4. e4 d6 5. Nf3 O-O 6. Be2 Na6 7. O-O e5 8. d5
Nc5 9. Nd2 a5 10. Rb1 Ne8 11. Nb3 b6 12. Nxc5 bxc5 13. a3 Rb8 14. Qa4 Bd7 15.
Nb5 c6 16. dxc6 Bxc6 17. Qc2 f5 18. f3 fxe4 19. fxe4 Rxf1+ 20. Bxf1 Qh4 21. Bd2
Bxe4 22. Bd3 Bc6 23. Bxa5 e4 24. Bf1 e3 25. Be1 Qg5 26. Bg3 Be5 27. Bxe5 Qxe5
28. Nc3 Nf6 29. h3 Ne4 30. Nxe4 Bxe4 31. Bd3 Bxd3 32. Qxd3 e2 33. Qd5+ Qxd5 34.
cxd5 e1=Q+ 35. Rxe1 Rxb2 36. Re6 Rb6 37. Kf2 Ra6 38. a4 Rxa4 39. Rxd6 Rd4 40.
Ke3 Kf8 41. g4 Ke7 42. Re6+ Kd7 43. Re5 Kd6 44. Re8 Rxd5 45. Rh8 c4 46. Rxh7 c3
47. Rh8 Kc5 48. Rc8+ Kb4 49. Rb8+ Ka3 50. Ra8+ Kb2 51. Rb8+ Kc1 52. Rc8 c2 53.
Rf8 Rd6 54. h4 Rc6 55. h5 gxh5 56. gxh5 Kb2 57. Rb8+ Ka3 58. Ra8+ Kb4 59. Rb8+
Ka5 60. Ra8+ Kb6 61. Ra1 c1=Q+ 62. Rxc1 Rxc1 63. Kf4 Rg1 64. Kf5 Kc7 65. h6 Kd7
66. Kf6 Ke8 67. h7 Rh1 68. Kg7 Rg1+ 69. Kh8 1/2-1/2

[Event "Schleinich mem"]
[Site "Edmonton CAN"]
[Date "2010.01.10"]
[Round "4"]
[White "Kaminski, Thomas"]
[Black "Karmali, Hafiz"]
[Result "1-0"]
[WhiteElo "2243"]
[BlackElo "2086"]
[PlyCount "105"]
[EventDate "2010.01.08"]
[EventType "swiss"]
[EventRounds "4"]
[EventCountry "CAN"]

1. e4 e5 2. Nf3 Nc6 3. Bb5 a6 4. Ba4 Nf6 5. O-O d6 6. d4 b5 7. dxe5 Nxe5 8. Bb3
Bg4 9. Nxe5 dxe5 10. Qxd8+ Rxd8 11. Nc3 Bc5 12. Bg5 c6 13. h3 Bh5 14. g4 Bg6
15. Kg2 h6 16. Bxf6 gxf6 17. Rad1 Ke7 18. f3 Bd4 19. a4 h5 20. Na2 hxg4 21.
hxg4 c5 22. c3 Be3 23. Rxd8 Rxd8 24. Rd1 Rxd1 25. Bxd1 Kd6 26. Kf1 Kc6 27. Ke2
Bf4 28. Bb3 c4 29. Nb4+ Kb7 30. Bc2 Bg5 31. a5 Bh7 32. b3 f5 33. exf5 Bd8 34.
Be4+ Kc8 35. bxc4 Bxa5 36. cxb5 axb5 37. Bc6 f6 38. Nd5 Bd8 39. Bxb5 Bg8 40.
Ne3 Kb7 41. Bc4 Bxc4+ 42. Nxc4 Kc6 43. Kd3 Kc5 44. Nd2 Kd5 45. Ne4 Kc6 46. c4
Be7 47. g5 fxg5 48. f6 Bf8 49. Nxg5 Kd6 50. Nh7 Bh6 51. f7 Ke7 52. f8=Q+ Bxf8
53. Nxf8 1-0

[Event "Schleinich mem"]
[Site "Edmonton CAN"]
[Date "2010.01.10"]
[Round "4"]
[White "Kuczaj, Chris"]
[Black "Todd, Adie"]
[Result "0-1"]
[WhiteElo "1785"]
[BlackElo "1596"]
[PlyCount "44"]
[EventDate "2010.01.08"]
[EventType "swiss"]
[EventRounds "4"]
[EventCountry "CAN"]

1. c4 e5 2. Nc3 Nf6 3. Nf3 Nc6 4. e3 d5 5. cxd5 Nxd5 6. Bb5 Nxc3 7. bxc3 Bd6 8.
d4 Qe7 9. d5 a6 10. Qa4 Rb8 11. dxc6 axb5 12. Qxb5 O-O 13. cxb7 Rxb7 14. Qe2
Bg4 15. e4 f5 16. exf5 e4 17. Qc4+ Kh8 18. Nd4 Bc5 19. Ne6 Bxf2+ 20. Kxf2 Rxf5+
21. Ke1 Qf7 22. Qxc7 Rxc7 0-1

[Event "Schleinich mem"]
[Site "Edmonton CAN"]
[Date "2010.01.10"]
[Round "4"]
[White "Wanless, Michael"]
[Black "Holmstrom, Phil"]
[Result "0-1"]
[WhiteElo "1504"]
[BlackElo "1664"]
[PlyCount "66"]
[EventDate "2010.01.08"]
[EventType "swiss"]
[EventRounds "4"]
[EventCountry "CAN"]

1. e4 d6 2. Nf3 g6 3. Nc3 Bg7 4. d4 Nf6 5. Be3 O-O 6. Qd2 Ng4 7. O-O-O Nxe3 8.
Qxe3 Bg4 9. Kb1 Nd7 10. h3 Bxf3 11. gxf3 c5 12. dxc5 Nxc5 13. Bc4 Qb6 14. Bb3
e6 15. h4 h5 16. f4 Rfe8 17. Qd2 Bxc3 18. Qe3 Bg7 19. f3 Nxb3 20. Qxb3 Qxb3 21.
cxb3 Rad8 22. Rd3 Bh6 23. f5 exf5 24. exf5 gxf5 25. Rc3 Rc8 26. Rd1 Rxc3 27.
bxc3 Bf4 28. Kc2 Re2+ 29. Kd3 Re3+ 30. Kc4 Rxf3 31. b4 Be5 32. Rc1 a6 33. a4
Rf4+ 0-1

[Event "Schleinich mem"]
[Site "Edmonton CAN"]
[Date "2010.01.10"]
[Round "4"]
[White "Willis, Bradley"]
[Black "Sequillion, Aaron"]
[Result "1-0"]
[WhiteElo "2053"]
[BlackElo "2050"]
[PlyCount "113"]
[EventDate "2010.01.08"]
[EventType "swiss"]
[EventRounds "4"]
[EventCountry "CAN"]

1. d4 d5 2. Bf4 Nf6 3. Nf3 Bf5 4. Nbd2 e6 5. c3 Bd6 6. Bg3 O-O 7. e3 Bxg3 8.
hxg3 Nbd7 9. Nh4 Bg6 10. Nxg6 fxg6 11. f4 c5 12. Bd3 Rc8 13. Qe2 Qb6 14. Rb1 a6
15. g4 Rf7 16. g5 Ne4 17. Nxe4 dxe4 18. Bxe4 Nf8 19. g3 Qa5 20. Qh2 Rd7 21. O-O
Qxa2 22. Qg2 Qb3 23. Qe2 Rcd8 24. Bc2 Qb6 25. Rfd1 Qc7 26. Rd2 b5 27. Rbd1 Rd6
28. dxc5 Qxc5 29. Rxd6 Rxd6 30. Rxd6 Qxd6 31. Qd3 Qxd3 32. Bxd3 Nd7 33. Kf2 Kf7
34. Kf3 Nc5 35. Bc2 a5 36. e4 b4 37. cxb4 axb4 38. Ke3 h6 39. Kd4 Nd7 40. Kc4
hxg5 41. fxg5 Ke7 42. Kxb4 Kd6 43. Kb5 Ne5 44. b4 Nf3 45. Ka6 Nxg5 46. b5 Nf7
47. Ka7 Ne5 48. b6 Nc6+ 49. Ka8 e5 50. Ba4 Na5 51. b7 Nxb7 52. Kxb7 Kc5 53. Kc7
Kd4 54. Bc2 Ke3 55. Kd6 Kf3 56. Kxe5 Kxg3 57. Kd5 1-0

[Event "Schleinich mem"]
[Site "Edmonton CAN"]
[Date "2010.01.10"]
[Round "5"]
[White "Holmstrom, Phil"]
[Black "Ficzere, Tony"]
[Result "1-0"]
[WhiteElo "1664"]
[BlackElo "1802"]
[PlyCount "54"]
[EventDate "2010.01.08"]
[EventType "swiss"]
[EventRounds "4"]
[EventCountry "CAN"]

1. e4 e6 2. d4 c5 3. c3 d5 4. e5 Qc7 5. Nf3 Nc6 6. Bb5 Bd7 7. Bxc6 bxc6 8. O-O
Be7 9. Re1 cxd4 10. cxd4 Qb6 11. Nc3 f6 12. a3 c5 13. Na4 Qc6 14. Nxc5 Bxc5 15.
dxc5 Qxc5 16. b4 Qc4 17. Be3 Qg4 18. h3 Qh5 19. Qd4 Ne7 20. exf6 Nf5 21. fxg7
Rg8 22. Qg4 Qf7 23. Ne5 Nxe3 24. Rxe3 Qxg7 25. Rd1 Qf8 26. Nxd7 Kxd7 27. Qxe6+
Kc7 1-0

[Event "Schleinich mem"]
[Site "Edmonton CAN"]
[Date "2010.01.10"]
[Round "5"]
[White "Karmali, Hafiz"]
[Black "Willis, Bradley"]
[Result "1/2-1/2"]
[WhiteElo "2086"]
[BlackElo "2053"]
[PlyCount "48"]
[EventDate "2010.01.08"]
[EventType "swiss"]
[EventRounds "4"]
[EventCountry "CAN"]

1. d4 Nf6 2. c4 g6 3. Nc3 d5 4. f3 c5 5. dxc5 d4 6. Na4 Nc6 7. e3 e5 8. Bd3 e4
9. fxe4 Nxe4 10. Bxe4 Qh4+ 11. g3 Qxe4 12. Qf3 Bf5 13. h3 Nb4 14. Rh2 Bg7 15.
Qxe4+ Bxe4 16. exd4 Nc2+ 17. Rxc2 Bxc2 18. Nc3 Bxd4 19. Nge2 Bxc5 20. Bg5 Be7
21. Be3 O-O 22. Nd5 Bd8 23. Kd2 Be4 24. Nec3 Bxd5 1/2-1/2

[Event "Schleinich mem"]
[Site "Edmonton CAN"]
[Date "2010.01.10"]
[Round "5"]
[White "Miller, David"]
[Black "Kuczaj, Chris"]
[Result "1/2-1/2"]
[WhiteElo "1702"]
[BlackElo "1785"]
[PlyCount "67"]
[EventDate "2010.01.08"]
[EventType "swiss"]
[EventRounds "4"]
[EventCountry "CAN"]

1. e4 c5 2. Nf3 e6 3. d4 cxd4 4. Nxd4 Nf6 5. Nc3 d6 6. g4 h6 7. g5 hxg5 8. Bxg5
Be7 9. f4 Nc6 10. Ndb5 a6 11. Bxf6 gxf6 12. Nd4 Qb6 13. Nxc6 bxc6 14. Qd2 Qxb2
15. Rb1 Qa3 16. Bg2 e5 17. f5 Qa5 18. h4 Qc7 19. h5 Rb8 20. Rd1 Qa5 21. Ke2 d5
22. exd5 Bb4 23. dxc6 Bxc3 24. c7 Qxc7 25. Bc6+ Kf8 26. Qxc3 Bxf5 27. Qa3+ Kg7
28. Rdg1+ Kh7 29. Qf3 Bxc2 30. Qxf6 Rhg8 31. h6 Rg6 32. Rxg6 fxg6 33. Bd5 Bf5
34. Bb3 1/2-1/2

[Event "Schleinich mem"]
[Site "Edmonton CAN"]
[Date "2010.01.10"]
[Round "5"]
[White "Sequillion, Aaron"]
[Black "Bentley, Bill"]
[Result "1/2-1/2"]
[WhiteElo "2050"]
[BlackElo "1806"]
[PlyCount "58"]
[EventDate "2010.01.08"]
[EventType "swiss"]
[EventRounds "4"]
[EventCountry "CAN"]

1. f4 Nf6 2. Nf3 g6 3. b3 Bg7 4. Bb2 O-O 5. g3 d5 6. Bg2 c5 7. O-O Nc6 8. d3 d4
9. e4 Ng4 10. Bc1 Ne3 11. Bxe3 dxe3 12. c3 Bg4 13. Qe2 Qa5 14. e5 f6 15. Qxe3
fxe5 16. Nxe5 Nxe5 17. fxe5 Rxf1+ 18. Kxf1 Qc7 19. d4 cxd4 20. cxd4 Qc2 21. Nd2
Qb2 22. Re1 Rd8 23. Nf3 Bxf3 24. Bxf3 Qxh2 25. Bxb7 Rf8+ 26. Bf3 Qxg3 27. Ke2
Qh2+ 28. Qf2 Qxf2+ 29. Kxf2 e6 1/2-1/2

[Event "Schleinich mem"]
[Site "Edmonton CAN"]
[Date "2010.01.10"]
[Round "5"]
[White "Todd, Adie"]
[Black "Wanless, Michael"]
[Result "1-0"]
[WhiteElo "1596"]
[BlackElo "1504"]
[PlyCount "33"]
[EventDate "2010.01.08"]
[EventType "swiss"]
[EventRounds "4"]
[EventCountry "CAN"]

1. d4 d5 2. c4 e6 3. Nc3 c6 4. Nf3 Nf6 5. cxd5 exd5 6. Bf4 Bg4 7. e3 Bb4 8. h3
Bh5 9. Be2 Ne4 10. Qc2 Nd7 11. O-O Ndf6 12. Nxe4 Nxe4 13. a3 Bd6 14. Bxd6 Qxd6
15. b4 b5 16. Rac1 Kd7 17. Ne5+ 1-0

[Event "Schleinich mem"]
[Site "Edmonton CAN"]
[Date "2010.01.10"]
[Round "5"]
[White "Wojtas, Artur"]
[Black "Kaminski, Thomas"]
[Result "0-1"]
[WhiteElo "1888"]
[BlackElo "2243"]
[PlyCount "60"]
[EventDate "2010.01.08"]
[EventType "swiss"]
[EventRounds "4"]
[EventCountry "CAN"]

1. e4 e5 2. Nf3 Nc6 3. Bb5 a6 4. Bxc6 dxc6 5. O-O Bg4 6. h3 h5 7. d3 Qf6 8.
Nbd2 Bd6 9. Nc4 Bxf3 10. Qxf3 Qxf3 11. gxf3 Ne7 12. Re1 Ng6 13. Kf1 O-O-O 14.
Ke2 Nf8 15. Be3 Ne6 16. Rg1 Rhg8 17. Rg2 f6 18. Rg6 Nf8 19. Rg2 h4 20. f4 exf4
21. Nxd6+ cxd6 22. Bxf4 Ne6 23. Be3 g5 24. Rag1 Rge8 25. Kd2 d5 26. exd5 Rxd5
27. f4 gxf4 28. Bf2 Ng5 29. Rh1 f3 30. Rgh2 Ne4+ 0-1

[Event "September TNT"]
[Site "Winnipeg CAN"]
[Date "2010.09.07"]
[Round "1.4"]
[White "Czypinski, Jaroslaw"]
[Black "Trueman, Francis"]
[Result "1-0"]
[WhiteElo "1905"]
[BlackElo "1541"]
[PlyCount "84"]
[EventDate "2010.09.07"]
[EventType "swiss"]
[EventRounds "4"]
[EventCountry "CAN"]

1. e4 d6 2. d4 Nf6 3. Nc3 g6 4. Nf3 Bg7 5. Be2 O-O 6. O-O Nbd7 7. Bg5 h6 8. Bh4
g5 9. Bg3 Nh5 10. e5 Nxg3 11. fxg3 c6 12. exd6 exd6 13. Ne4 Qc7 14. c4 f5 15.
Nc3 Nf6 16. Nd2 Bd7 17. Qc2 Ng4 18. Bxg4 fxg4 19. Qg6 Be8 20. Qe6+ Bf7 21. Qxg4
Qb6 22. Nb3 Bxc4 23. Rxf8+ Rxf8 24. Rd1 a5 25. h4 Bxb3 26. axb3 Bf6 27. Qe6+
Kg7 28. Qxd6 Rd8 29. Qe6 Rxd4 30. Rxd4 Qxd4+ 31. Kh2 gxh4 32. Kh3 Qe5 33. Qg4+
Qg5 34. Qd7+ Kg6 35. Qe8+ Kg7 36. Ne4 Qf5+ 37. g4 Qe5 38. Qd7+ Kg6 39. Qd3 Qxb2
40. Ng3+ Kg7 41. Qd7+ Kg6 42. Qd3+ Kg7 1-0

[Event "September TNT"]
[Site "Winnipeg CAN"]
[Date "2010.09.07"]
[Round "1.4"]
[White "Evans, Brian"]
[Black "Joven, Perfecto"]
[Result "1/2-1/2"]
[WhiteElo "1581"]
[BlackElo "1963"]
[PlyCount "103"]
[EventDate "2010.09.07"]
[EventType "swiss"]
[EventRounds "4"]
[EventCountry "CAN"]

1. e4 c5 2. Nf3 d6 3. d4 cxd4 4. Nxd4 Nf6 5. Nc3 a6 6. Be2 e6 7. Be3 Be7 8. Qd2
b5 9. a3 Bb7 10. f3 Nbd7 11. O-O Rc8 12. Rad1 Ne5 13. Nb3 Qc7 14. Rc1 O-O 15.
Qd4 Ne8 16. Qb6 Nd7 17. Qxc7 Rxc7 18. Na5 Ba8 19. Na2 Nef6 20. c4 bxc4 21. Bxc4
Rfc8 22. Bxa6 Rxc1 23. Rxc1 Rxc1+ 24. Nxc1 d5 25. exd5 Nxd5 26. Bf2 Ne5 27. Bb7
Bxb7 28. Nxb7 Nf4 29. Bg3 Ned3 30. Bxf4 Nxf4 31. g3 Nd5 32. Kf2 Kf8 33. Nd3 Nb6
34. Ke3 Nc4+ 35. Kd4 Nxb2 36. Nxb2 Bf6+ 37. Kc4 Bxb2 38. a4 Ke7 39. Kc5 Kd7 40.
a5 Kc7 41. a6 Kb8 42. Kb5 f5 43. Nd8 e5 44. Nc6+ Ka8 45. Kc5 e4 46. fxe4 fxe4
47. Kc4 Bf6 48. Kb3 Bg5 49. Kc2 Be3 50. Kd1 g5 51. g4 Bf4 52. h3 1/2-1/2

[Event "September TNT"]
[Site "Winnipeg CAN"]
[Date "2010.09.07"]
[Round "1.4"]
[White "Kaptsan, Aron"]
[Black "Milord, Frank"]
[Result "1-0"]
[WhiteElo "2031"]
[BlackElo "1695"]
[PlyCount "47"]
[EventDate "2010.09.07"]
[EventType "swiss"]
[EventRounds "4"]
[EventCountry "CAN"]

1. d4 Nf6 2. c4 e6 3. Nc3 Bb4 4. a3 Bxc3+ 5. bxc3 O-O 6. e3 b6 7. Bd3 Bb7 8. f3
Nc6 9. Ne2 Re8 10. Ng3 Na5 11. e4 d5 12. cxd5 exd5 13. e5 h6 14. O-O Nd7 15. f4
a6 16. Qg4 Kh8 17. Nf5 Rg8 18. Qh3 Qf8 19. Nxh6 gxh6 20. f5 Nxe5 21. Bxh6 Rg7
22. Bxg7+ Kxg7 23. f6+ Kg8 24. Qh7# 1-0

[Event "September TNT"]
[Site "Winnipeg CAN"]
[Date "2010.09.07"]
[Round "1.4"]
[White "Magnusson, Saul"]
[Black "Li, Henry"]
[Result "1-0"]
[WhiteElo "1798"]
[BlackElo "1382"]
[PlyCount "63"]
[EventDate "2010.09.07"]
[EventType "swiss"]
[EventRounds "4"]
[EventCountry "CAN"]

1. e4 e6 2. d4 d5 3. e5 c5 4. c3 Nc6 5. Nf3 Qb6 6. a3 f6 7. b4 cxd4 8. exf6
Nxf6 9. cxd4 Bd6 10. Bd3 Bd7 11. O-O O-O-O 12. Be3 Rde8 13. Qd2 Qc7 14. Rc1 a6
15. b5 axb5 16. Bxb5 Kb8 17. Nc3 Ng4 18. Bxc6 Bxc6 19. Nb5 Qd7 20. Nxd6 Ref8
21. Bf4 Rxf4 22. Qxf4 e5 23. dxe5 Nh6 24. Nd4 Kc7 25. e6 Qxd6 26. Nb5+ Kb8 27.
Qxd6+ Ka8 28. Rxc6 Nf5 29. Ra6+ bxa6 30. Qc6+ Kb8 31. Qc7+ Ka8 32. Qa7# 1-0

[Event "September TNT"]
[Site "Winnipeg CAN"]
[Date "2010.09.07"]
[Round "1.4"]
[White "Oberton, Daniel"]
[Black "Reimer, Bruce"]
[Result "0-1"]
[WhiteElo "1993"]
[BlackElo "1600"]
[PlyCount "60"]
[EventDate "2010.09.07"]
[EventType "swiss"]
[EventRounds "4"]
[EventCountry "CAN"]

1. e4 Nf6 2. e5 Nd5 3. c4 Nb6 4. d4 d6 5. exd6 cxd6 6. Nc3 g6 7. Be3 Bg7 8. Qd2
O-O 9. h4 e5 10. O-O-O Nc6 11. dxe5 dxe5 12. Bd3 Be6 13. b3 Qe7 14. Bh6 Rfd8
15. Bxg7 Kxg7 16. Qb2 Nb4 17. Bb1 Rxd1+ 18. Nxd1 f6 19. a3 Nc6 20. Nf3 Rd8 21.
h5 Nd4 22. hxg6 hxg6 23. Nh4 f5 24. Nf3 Bxc4 25. Nxd4 Rxd4 26. bxc4 Nxc4 27.
Qb3 Nxa3 28. Ba2 Rc4+ 29. Kd2 Qd6+ 30. Ke3 Nc2+ 0-1

[Event "September TNT"]
[Site "Winnipeg CAN"]
[Date "2010.09.07"]
[Round "1.4"]
[White "Ott, Richard"]
[Black "Melamedoff, Gustavo"]
[Result "0-1"]
[WhiteElo "1694"]
[BlackElo "2002"]
[PlyCount "82"]
[EventDate "2010.09.07"]
[EventType "swiss"]
[EventRounds "4"]
[EventCountry "CAN"]

1. d4 d5 2. c4 e6 3. Nc3 f5 4. cxd5 exd5 5. Bf4 c6 6. e3 Nf6 7. Bd3 Bd6 8. Bg5
Be7 9. Nf3 O-O 10. Bxf6 Bxf6 11. Qc2 g6 12. O-O-O Na6 13. Be2 Qd6 14. h4 b5 15.
h5 g5 16. Nh2 b4 17. Na4 b3 18. axb3 Nb4 19. Qd2 Bd8 20. Nc5 Ba5 21. Kb1 Rb8
22. e4 fxe4 23. Qxg5+ Kh8 24. Ng4 Rg8 25. Qe5+ Qxe5 26. Nxe5 Bf5 27. g4 Bc8 28.
h6 Re8 29. g5 Bc7 30. Nf7+ Kg8 31. Bh5 Bf5 32. Nd6 Bxd6 33. Bxe8 e3+ 34. Ka1
Bxc5 35. dxc5 Rb5 36. Bxc6 Nxc6 37. b4 Nxb4 38. b3 e2 39. Rd2 d4 40. Rxe2 Ra5+
41. Kb2 Ra2+ 0-1

[Event "September TNT"]
[Site "Winnipeg CAN"]
[Date "2010.09.07"]
[Round "1.4"]
[White "Pottinger, Carl"]
[Black "Bince, Rolando"]
[Result "1/2-1/2"]
[WhiteElo "1766"]
[BlackElo "2132"]
[PlyCount "62"]
[EventDate "2010.09.07"]
[EventType "swiss"]
[EventRounds "4"]
[EventCountry "CAN"]

1. c4 Nf6 2. g3 e5 3. Bg2 c6 4. b3 d5 5. d3 Be6 6. Nf3 Nbd7 7. O-O h6 8. Bb2
Bd6 9. cxd5 cxd5 10. Nc3 O-O 11. Nb5 Bb8 12. Rc1 a6 13. Nc3 Ba7 14. Rc2 b5 15.
Qd2 Rc8 16. Rfc1 Qb6 17. e3 Qb8 18. Ne2 Rxc2 19. Qxc2 Ng4 20. Qc7 Qxc7 21. Rxc7
Bb8 22. Rc6 a5 23. Nc3 b4 24. Na4 Bf5 25. Ne1 e4 26. dxe4 dxe4 27. Nc5 Rd8 28.
Nb7 Re8 29. Nxa5 Be5 30. Nc4 Bxb2 31. Nxb2 Rd8 1/2-1/2

[Event "September TNT"]
[Site "Winnipeg CAN"]
[Date "2010.09.07"]
[Round "1.4"]
[White "Villeneuve, Justin"]
[Black "Rutter, Blair"]
[Result "0-1"]
[WhiteElo "1277"]
[BlackElo "1882"]
[PlyCount "46"]
[EventDate "2010.09.07"]
[EventType "swiss"]
[EventRounds "4"]
[EventCountry "CAN"]

1. e4 e6 2. d4 d5 3. e5 c5 4. Nf3 Nc6 5. Be3 Qb6 6. b3 Bd7 7. Nbd2 cxd4 8. Bf4
Bb4 9. Bd3 Bc3 10. Rb1 Nb4 11. a3 Nxd3+ 12. cxd3 Bb5 13. Qe2 Qa6 14. a4 Bxd3
15. Qd1 Bxb1 16. Qxb1 Ne7 17. Qc2 Rc8 18. Qb1 O-O 19. Bg5 Ng6 20. Qa2 Bb4 21.
Qb1 Rc7 22. h3 Rfc8 23. Qb2 Rc1+ 0-1

[Event "September TNT"]
[Site "Winnipeg CAN"]
[Date "2010.09.14"]
[Round "2"]
[White "Joven, Perfecto"]
[Black "Greenberg, Harley"]
[Result "1-0"]
[WhiteElo "1963"]
[BlackElo "1732"]
[PlyCount "67"]
[EventDate "2010.09.07"]
[EventType "swiss"]
[EventRounds "4"]
[EventCountry "CAN"]

1. e4 c5 2. Nc3 Nc6 3. d3 e6 4. g3 d5 5. Bg2 d4 6. Nce2 e5 7. f4 f6 8. Nf3 Nh6
9. O-O Be6 10. fxe5 Nxe5 11. Nf4 Bg4 12. h3 Nxf3+ 13. Bxf3 Bxf3 14. Qxf3 Bd6
15. Nd5 Nf7 16. Qg4 Qd7 17. Qxd7+ Kxd7 18. Bf4 a5 19. h4 Rhf8 20. a3 b5 21. Kg2
Nh8 22. Bxd6 Kxd6 23. Rf5 Ng6 24. Rh5 Ne5 25. Rxh7 Rf7 26. Rf1 Raf8 27. Rf5 b4
28. Rf2 c4 29. c3 f5 30. Nf4 fxe4 31. dxe4 Ng6 32. Nd3 Ne5 33. Nf4 Ng6 34. Rh5
1-0

[Event "September TNT"]
[Site "Winnipeg CAN"]
[Date "2010.09.07"]
[Round "2"]
[White "Kernetsky, Myron"]
[Black "Evans, Brian"]
[Result "1-0"]
[WhiteElo "1989"]
[BlackElo "1581"]
[PlyCount "51"]
[EventDate "2010.09.07"]
[EventType "swiss"]
[EventRounds "4"]
[EventCountry "CAN"]

1. d4 d5 2. Nf3 e6 3. c4 Nf6 4. Nc3 Be7 5. Bf4 c6 6. e3 b6 7. Bd3 dxc4 8. Bxc4
b5 9. Bd3 Nd5 10. Bg3 Bb4 11. Qb3 Qa5 12. Rc1 Nxc3 13. bxc3 Ba3 14. Rc2 Bb7 15.
O-O O-O 16. c4 b4 17. Rb1 Rd8 18. c5 Nd7 19. Nd2 Ba6 20. Bxa6 Qxa6 21. Nc4 Nf8
22. Nxa3 bxa3 23. Rc3 Rd7 24. Qxa3 Qxa3 25. Rxa3 a5 26. Rb6 1-0